|
|
|
|
| LEADER |
01048naa a2200253 i 4500 |
| 001 |
acta76890 |
| 005 |
20221108093553.0 |
| 008 |
221108s2022 hu o 1|| hun d |
| 020 |
|
|
|a 978-963-306-857-1
|
| 022 |
|
|
|a 2062-8439
|
| 040 |
|
|
|a SZTE Egyetemi Kiadványok Repozitórium
|b hun
|
| 041 |
|
|
|a hun
|
| 100 |
1 |
|
|a Papp Rebeka
|
| 245 |
1 |
0 |
|a Egy új Solanum lycopersicum L.-eredetű defenzin heterológ expressziója élesztő- és fonalasgombában
|h [elektronikus dokumentum] /
|c Papp Rebeka
|
| 260 |
|
|
|a Szegedi Tudományegyetem Eötvös Loránd Kollégium
|b Szeged
|c 2022
|
| 300 |
|
|
|a 30
|
| 490 |
0 |
|
|a Acta Szegediensia Collegii de Rolando Eötvös Nominati : Eötvözet
|v 10
|
| 650 |
|
4 |
|a Természettudományok
|
| 650 |
|
4 |
|a Biológiai tudományok
|
| 650 |
|
4 |
|a Mezőgazdaság-tudományok
|
| 650 |
|
4 |
|a Mezőgazdasági biotechnológia
|
| 695 |
|
|
|a Gombák - előadáskivonat, Biotechnológia - előadáskivonat
|
| 710 |
|
|
|a Eötvözet (10.) (2022) (Szeged)
|
| 856 |
4 |
0 |
|u http://acta.bibl.u-szeged.hu/76890/1/eotvozet_010_030.pdf
|z Dokumentum-elérés
|